El misterio del hombre
Saved in:
| Hovedforfatter: | |
|---|---|
| Format: | Bog |
| Sprog: | spansk |
| Udgivet: |
Barcelona
Herder
1997
|
| Serier: | Biblioteca de Teología
|
| Fag: | |
| Tags: |
Tilføj Tag
Ingen Tags, Vær først til at tagge denne postø!
|
MARC
| LEADER | 00000nam a2200000 a 4500 | ||
|---|---|---|---|
| 001 | UCH3319 | ||
| 003 | CL-VaPUC | ||
| 008 | 090723e19970000SP |||||||||||||||||spa|d | ||
| 020 | |a 8425420253 | ||
| 082 | 0 | 4 | |a 233.1 |b PON |2 21 |
| 100 | 0 | |a Ponce Cuéllar, Miguel |e author |9 538607 | |
| 245 | 1 | 3 | |a El misterio del hombre |
| 300 | |a 425 p | ||
| 942 | |c BK | ||
| 945 | |d 20090723 00:00:00 |a rbrito | ||
| 260 | |a Barcelona |b Herder |c 1997 | ||
| 650 | 0 | |a Creación |9 313344 | |
| 650 | 7 | |a GNOTISMO |2 CL-VaPUC |9 538608 | |
| 650 | 0 | |a Antropología filosófica |9 265842 | |
| 650 | 0 | |a Libertad |9 255686 | |
| 650 | 0 | |a Vocación |9 328817 | |
| 650 | 0 | |a Pecado |9 314980 | |
| 650 | 0 | |a Demonología |9 314401 | |
| 650 | 0 | |a Angelología |9 434404 | |
| 583 | |a last modification |c 20090723 00:00:00 |k Rodrigo Vera | ||
| 490 | 0 | |a Biblioteca de Teología | |
| 999 | |c 334912 |d 334910 | ||
| 952 | |0 0 |1 0 |4 0 |6 233_100000000000000_PON_1997 |7 0 |8 A |9 424241 |a BIBTEO |b BIBTEO |d 2019-11-22 |i 4574516 |o 233.1 PON 1997 |p 4574516 |r 2025-01-17 |w 2019-11-22 |y BK |k ICR | ||